[Event "Lancaran op-A"]
[Site "Lancaran"]
[Date "2025.07.13"]
[Round "9"]
[White "Nazarov, Umid"]
[Black "Hasanzada, Vusal Algish"]
[Result "1-0"]
[WhiteElo "1941"]
[BlackElo "1950"]
[PlyCount "65"]
[EventDate "2025.07.07"]
[EventType "swiss"]
[EventRounds "9"]
[EventCountry "AZE"]
[SourceTitle "CB29_2025"]
[SourceDate "2025.07.16"]
[SourceVersion "1"]
[SourceVersionDate "2025.07.16"]
[SourceQuality "1"]

1. c4 e5 2. g3 Nc6 3. Bg2 g6 4. Nc3 d6 5. e4 Bg7 6. d3 Be6 7. Nge2 Qd7 8. Nd5 Nd8 9. Be3 c6 10. Ndc3 Bh3 11. 0-0 h5 12. f4 Nh6 13. f5 Bxg2 14. Kxg2 gxf5 15. Bxh6 Bxh6 16. exf5 f6 17. Ng1 h4 18. Qh5+ Nf7 19. Qxh4 Bc1 20. Ne4 0-0-0 21. Qxf6 Bxb2 22. Rab1 Bd4 23. Qe6 Kb8 24. Qxd7 Rxd7 25. h4 d5 26. cxd5 cxd5 27. Ng5 Nxg5 28. hxg5 Rdh7 29. Nf3 e4 30. dxe4 dxe4 31. Nxd4 Rh2+ 32. Kg1 Rd2 33. Rbd1 1-0

[Event "Lancaran op-A"]
[Site "Lancaran"]
[Date "2025.07.11"]
[Round "7"]
[White "Nazarov, Umid"]
[Black "Ahmadli, Nihad1"]
[Result "1/2-1/2"]
[WhiteElo "1941"]
[BlackElo "1790"]
[PlyCount "37"]
[EventDate "2025.07.07"]
[EventType "swiss"]
[EventRounds "9"]
[EventCountry "AZE"]
[SourceTitle "CB29_2025"]
[SourceDate "2025.07.16"]
[SourceVersion "1"]
[SourceVersionDate "2025.07.16"]
[SourceQuality "1"]

1. c4 c5 2. g3 g6 3. Bg2 Bg7 4. Nc3 Nc6 5. e4 d6 6. d3 Nf6 7. Nge2 0-0 8. 0-0 Ne8 9. Be3 Nc7 10. f4 Ne6 11. Qd2 Ned4 12. h3 a6 13. g4 b5 14. f5 Rb8 15. Rab1 Qa5 16. b3 Nxe2+ 17. Nxe2 Qxd2 18. Bxd2 Ne5 19. fxg6 1/2-1/2

[Event "Lancaran op-A"]
[Site "Lancaran"]
[Date "2025.07.08"]
[Round "3"]
[White "Rzayev, Askar Aliakbar"]
[Black "Nazarov, Umid"]
[Result "1-0"]
[WhiteElo "2079"]
[BlackElo "1941"]
[PlyCount "87"]
[EventDate "2025.07.07"]
[EventType "swiss"]
[EventRounds "9"]
[EventCountry "AZE"]
[SourceTitle "CB29_2025"]
[SourceDate "2025.07.16"]
[SourceVersion "1"]
[SourceVersionDate "2025.07.16"]
[SourceQuality "1"]

1. Nf3 Nf6 2. g3 g6 3. b3 Bg7 4. Bb2 c5 5. Bg2 Nc6 6. 0-0 0-0 7. d3 h6 8. c4 a6 9. Nbd2 d6 10. d4 cxd4 11. Nxd4 Bd7 12. N2f3 Re8 13. Rc1 Rc8 14. Qd2 b5 15. cxb5 Nxd4 16. Nxd4 axb5 17. Rxc8 Qxc8 18. Qa5 Qc5 19. Rc1 Qh5 20. Rc7 e5 21. Nf3 Qf5 22. Qe1 d5 23. Nd2 e4 24. Nf1 Qe6 25. Qa1 Qb6 26. Rxd7 Nxd7 27. Bxg7 f6 28. Bxh6 g5 29. h4 d4 30. hxg5 Kh7 31. Qb1 Qe6 32. Nd2 f5 33. g4 e3 34. gxf5 exf2+ 35. Kh1 Qxe2 36. f6+ d3 37. Nf3 Qxf3 38. Bxf3 Re1+ 39. Kh2 Nc5 40. f7 f1Q 41. Qxe1 Qxe1 42. f8Q Qf2+ 43. Kh3 Qf1+ 44. Kg4 1-0